| 000 | 00958nam a2200265 a 4500 | ||
|---|---|---|---|
| 001 | 55853 | ||
| 003 | BD-RjUL | ||
| 005 | 20211209080325.0 | ||
| 008 | 161122s1966 ncu b 000 0 eng | ||
| 035 | _a(BD-RjUL) 55977 | ||
| 040 |
_aDLC _cDLC _dBD-RjUL _beng |
||
| 041 | _aeng | ||
| 082 | 0 | 0 |
_a822.33 _223 _bPHS 1966 |
| 100 | 1 |
_aPhialas, Peter G. _9166291 |
|
| 245 | 1 | 0 |
_aShakespeare's romantic comedies : _bthe development of their form and meaning / _cby Peter G. Phialas. |
| 260 |
_aChapel Hill : _bUniversity of North Carolina Press, _c1966 |
||
| 300 |
_axvi, 314 p. ; _bill, ; _c24 cm. |
||
| 504 | _aBibliographical references included in "Notes" (p. 283-305) | ||
| 600 | 1 | 0 |
_aShakespeare, William, _d1564-1616 _xComedies. _9166436 |
| 650 | 0 |
_aEnglish drama (Comedy) _xHistory and criticism. _9166293 |
|
| 650 | 0 |
_aLove in literature. _9166294 |
|
| 650 | 0 |
_aLiterary form _xHistory _y16th century. _9166295 |
|
| 650 | 0 |
_aComedy. _9165525 |
|
| 942 |
_2ddc _cBK |
||
| 999 |
_c55853 _d55853 |
||